[Event "Mittelrhein Verbandsliga-W 18/19"]
[Site "Nordrheinwestfalen"]
[Date "2019.02.10"]
[Round "7.3"]
[White "Rosenkraenzer, Torsten"]
[Black "Juelich, Thomas"]
[Result "1-0"]
[WhiteElo "1964"]
[BlackElo "1937"]
[PlyCount "119"]
[EventDate "2018.09.02"]
[EventType "team-tourn"]
[EventRounds "11"]
[EventCountry "GER"]
[SourceTitle "EXT 2022"]
[Source "ChessBase"]
[SourceDate "2021.10.06"]
[SourceVersion "1"]
[SourceVersionDate "2021.10.06"]
[SourceQuality "1"]
[WhiteTeam "Koeln Lasker II"]
[BlackTeam "Pulheim"]
[WhiteTeamCountry "GER"]
[BlackTeamCountry "GER"]

1. d4 Nf6 2. c4 c5 3. d5 e6 4. Nc3 exd5 5. cxd5 d6 6. e4 g6 7. Nge2 b5 8. Nxb5 Bg7 9. Nec3 0-0 10. Bd3 Na6 11. Bf4 Ne8 12. 0-0 Nac7 13. Qd2 Nxb5 14. Bxb5 Rb8 15. Rab1 a6 16. Bd3 f5 17. Bg5 Qa5 18. Bh6 fxe4 19. Bxg7 Kxg7 20. Bxe4 Nf6 21. Bc2 Rb4 22. Rfe1 Qd8 23. Ne2 Ne4 24. Bxe4 Rxe4 25. f3 Rb4 26. a3 Rb7 27. Nf4 Qf6 28. Ne6+ Bxe6 29. Rxe6 Qf5 30. Rbe1 Rf6 31. Qc3 Kf7 32. Rxf6+ Qxf6 33. Qxf6+ Kxf6 34. Re6+ Kf7 35. Rxd6 Rxb2 36. Rxa6 Rd2 37. Ra7+ Kf6 38. Rxh7 Rxd5 39. Rh4 Ke5 40. Re4+ Kd6 41. Kf2 Rd1 42. Ke2 Ra1 43. Rg4 Kd5 44. Rxg6 Ra2+ 45. Kd3 Rxa3+ 46. Kc2 Kc4 47. Rg4+ Kb5 48. h4 c4 49. h5 Kb4 50. h6 Rc3+ 51. Kd2 Rd3+ 52. Ke2 Rd6 53. Rh4 Re6+ 54. Kf2 Re8 55. h7 Rh8 56. g4 c3 57. g5+ Ka3 58. g6 c2 59. Rc4 Kb2 60. Rxc2+ 1-0

[Event "Mittelrhein Verbandsliga-W 18/19"]
[Site "Nordrheinwestfalen"]
[Date "2018.11.18"]
[Round "4.2"]
[White "Schreyer, Oliver"]
[Black "Rosenkraenzer, Torsten"]
[Result "1/2-1/2"]
[WhiteElo "2028"]
[BlackElo "1967"]
[PlyCount "60"]
[EventDate "2018.09.02"]
[EventType "team-tourn"]
[EventRounds "11"]
[EventCountry "GER"]
[SourceTitle "EXT 2022"]
[Source "ChessBase"]
[SourceDate "2021.10.06"]
[SourceVersion "1"]
[SourceVersionDate "2021.10.06"]
[SourceQuality "1"]
[WhiteTeam "Herzogenrath"]
[BlackTeam "Koeln Lasker II"]
[WhiteTeamCountry "GER"]
[BlackTeamCountry "GER"]

1. Nf3 c5 2. e3 e6 3. d4 d5 4. Bd3 Nf6 5. 0-0 Nc6 6. b3 Bd6 7. Bb2 b6 8. Nbd2 0-0 9. Ne5 Bb7 10. f4 Rc8 11. a3 Ne7 12. Qf3 b5 13. dxc5 Bxc5 14. Rad1 Qb6 15. Rfe1 a5 16. Qh3 Rfd8 17. Ng4 Ne4 18. Bxg7 f5 19. Bf6 fxg4 20. Qxg4+ Ng6 21. Bxd8 Bxe3+ 22. Kf1 Rxd8 23. Bxe4 dxe4 24. Nxe4 Rxd1 25. Nf6+ Kf7 26. Rxd1 Kxf6 27. Qg5+ Kf7 28. Rd7+ Kg8 29. Rd8+ Kg7 30. Rd7+ Kg8 1/2-1/2

[Event "Mittelrhein Verbandsliga-W 18/19"]
[Site "Nordrheinwestfalen"]
[Date "2018.10.28"]
[Round "3.3"]
[White "Wilhelm, Oliver"]
[Black "Rosenkraenzer, Torsten"]
[Result "1/2-1/2"]
[WhiteElo "1903"]
[BlackElo "1967"]
[PlyCount "88"]
[EventDate "2018.09.02"]
[EventType "team-tourn"]
[EventRounds "11"]
[EventCountry "GER"]
[SourceTitle "EXT 2022"]
[Source "ChessBase"]
[SourceDate "2021.10.06"]
[SourceVersion "1"]
[SourceVersionDate "2021.10.06"]
[SourceQuality "1"]
[WhiteTeam "Eschweiler SC"]
[BlackTeam "Koeln Lasker II"]
[WhiteTeamCountry "GER"]
[BlackTeamCountry "GER"]

1. e4 c5 2. Nf3 e6 3. d4 cxd4 4. Nxd4 Nf6 5. Nc3 d6 6. Bb5+ Bd7 7. Bxd7+ Nbxd7 8. 0-0 Be7 9. Nb3 a6 10. a4 b6 11. Bf4 e5 12. Be3 Nc5 13. Nxc5 dxc5 14. Qxd8+ Rxd8 15. Rad1 0-0 16. f3 Rxd1 17. Rxd1 Rd8 18. Nd5 Nxd5 19. Rxd5 Rxd5 20. exd5 b5 21. c4 bxc4 22. Kf2 c3 23. b3 c2 24. Bc1 h6 25. Ke2 Bg5 26. Bxg5 hxg5 27. Kd2 c1Q+ 28. Kxc1 f5 29. Kd2 Kf7 30. Kd3 Ke7 31. a5 Kd6 32. Kc4 e4 33. fxe4 fxe4 34. h3 g6 35. g3 Kd7 36. Kc3 Kc7 37. h4 g4 38. b4 cxb4+ 39. Kxb4 Kd6 40. Kc4 e3 41. Kd3 Kxd5 42. Kxe3 Ke5 43. Kd3 Kd5 44. Ke3 Ke5 1/2-1/2

[Event "Mittelrhein Verbandsliga-S 17/18"]
[Site "Nordrheinwestfalen"]
[Date "2018.05.06"]
[Round "11.6"]
[White "Dirschke, Philipp"]
[Black "Rosenkraenzer, Torsten"]
[Result "1-0"]
[WhiteElo "1797"]
[BlackElo "1967"]
[PlyCount "97"]
[EventDate "2017.09.10"]
[EventType "team-tourn"]
[EventRounds "11"]
[EventCountry "GER"]
[SourceTitle "EXT 2022"]
[Source "ChessBase"]
[SourceDate "2021.10.06"]
[SourceVersion "1"]
[SourceVersionDate "2021.10.06"]
[SourceQuality "1"]
[WhiteTeam "Lohmar"]
[BlackTeam "Koeln Lasker II"]
[WhiteTeamCountry "GER"]
[BlackTeamCountry "GER"]

1. d4 d5 2. c4 e6 3. Nf3 Nf6 4. g3 Bb4+ 5. Bd2 Bd6 6. Bg2 c6 7. Qc2 0-0 8. 0-0 Ne4 9. Nc3 f5 10. a3 Nxd2 11. Nxd2 Nd7 12. b4 Nf6 13. b5 Ne4 14. Ndxe4 fxe4 15. e3 Bd7 16. Qb3 Kh8 17. a4 Rb8 18. Rab1 Bc7 19. Rfc1 Ba5 20. Rb2 Bxc3 21. Qxc3 cxb5 22. axb5 Rc8 23. c5 Qc7 24. Ra1 Ra8 25. Bf1 Rfc8 26. Rba2 Qb8 27. Qd2 e5 28. Ra3 exd4 29. exd4 b6 30. c6 Be6 31. Bg2 a5 32. f3 exf3 33. Bxf3 Ra7 34. Re1 Bf7 35. Re5 Qd6 36. Rae3 a4 37. Qa2 h6 38. Bxd5 Bxd5 39. Rxd5 Qf6 40. Rde5 Rf8 41. Re1 Raf7 42. R5e4 Qd6 43. Qxa4 Rf2 44. Re8 Qf6 45. Rxf8+ Qxf8 46. Qd1 Rb2 47. Rf1 Qd6 48. Qd3 Qd5 49. Rf8+ 1-0

[Event "Mittelrhein Verbandsliga-S 17/18"]
[Site "Nordrheinwestfalen"]
[Date "2018.01.14"]
[Round "6.7"]
[White "Rosenkraenzer, Torsten"]
[Black "Tonnicchi, Marco"]
[Result "1/2-1/2"]
[WhiteElo "1984"]
[BlackElo "1915"]
[PlyCount "33"]
[EventDate "2017.09.10"]
[EventType "team-tourn"]
[EventRounds "11"]
[EventCountry "GER"]
[SourceTitle "EXT 2022"]
[Source "ChessBase"]
[SourceDate "2021.10.06"]
[SourceVersion "1"]
[SourceVersionDate "2021.10.06"]
[SourceQuality "1"]
[WhiteTeam "Koeln Lasker II"]
[BlackTeam "Bruehl II"]
[WhiteTeamCountry "GER"]
[BlackTeamCountry "GER"]

1. d4 Nf6 2. c4 e6 3. Nc3 Bb4 4. e3 0-0 5. Nge2 d5 6. a3 Be7 7. cxd5 exd5 8. Nf4 Re8 9. Bd3 c6 10. 0-0 Nbd7 11. b4 Nf8 12. b5 Bd6 13. h3 Ng6 14. bxc6 bxc6 15. Nh5 Bc7 16. Nxf6+ Qxf6 17. Qh5 1/2-1/2

[Event "Mittelrhein Verbandsliga-O 16/17"]
[Site "Nordrheinwestfalen"]
[Date "2017.02.19"]
[Round "8.6"]
[White "Scholzen, Wolfgang"]
[Black "Rosenkraenzer, Torsten"]
[Result "1-0"]
[WhiteElo "2019"]
[BlackElo "1982"]
[PlyCount "109"]
[EventDate "2016.09.11"]
[EventType "team-tourn"]
[EventRounds "11"]
[EventCountry "GER"]
[SourceTitle "EXT 2022"]
[Source "ChessBase"]
[SourceDate "2021.10.06"]
[SourceVersion "1"]
[SourceVersionDate "2021.10.06"]
[SourceQuality "1"]
[WhiteTeam "Euskirchen Turm"]
[BlackTeam "Koeln Lasker II"]
[WhiteTeamCountry "GER"]
[BlackTeamCountry "GER"]

1. d4 d5 2. Nf3 Nf6 3. c4 c6 4. e3 Bf5 5. Nc3 e6 6. Bd3 Bxd3 7. Qxd3 Bb4 8. 0-0 Nbd7 9. a3 Bxc3 10. bxc3 0-0 11. cxd5 cxd5 12. c4 dxc4 13. Qxc4 Rc8 14. Qb3 Qb6 15. Qd3 Qc6 16. Bd2 Qc4 17. Qb1 Qd5 18. Bb4 Rfe8 19. Rc1 Rc6 20. Qb2 Rec8 21. h3 h6 22. a4 Rxc1+ 23. Rxc1 Rxc1+ 24. Qxc1 Qb3 25. Be7 Nb6 26. Qc7 Qxa4 27. Qxb7 Qd7 28. Qb8+ Kh7 29. Bc5 Nc8 30. Ne5 Qe8 31. Bxa7 Nxa7 32. Qxa7 Kg8 33. Qb7 Nd5 34. g3 Ne7 35. Qd7 Qxd7 36. Nxd7 f6 37. Kf1 Nf5 38. Ke2 Nd6 39. Kd3 Kf7 40. e4 Ke7 41. Nb6 f5 42. f3 g5 43. Nc4 Nb5 44. exf5 exf5 45. d5 Kf6 46. Ke3 h5 47. f4 g4 48. hxg4 hxg4 49. Kd3 Ke7 50. Ne3 Nd6 51. Kd4 Kf6 52. Kc5 Nf7 53. Kc6 Nd8+ 54. Kc7 Nf7 55. d6 1-0

[Event "Mittelrhein Verbandsliga-O 16/17"]
[Site "Nordrheinwestfalen"]
[Date "2017.01.08"]
[Round "6"]
[White "Rosenkraenzer, Torsten"]
[Black "Sagenschneider, Uwe"]
[Result "1-0"]
[WhiteElo "1982"]
[BlackElo "1874"]
[PlyCount "75"]
[EventDate "2016.09.11"]
[EventType "team-tourn"]
[EventRounds "11"]
[EventCountry "GER"]
[SourceTitle "EXT 2022"]
[Source "ChessBase"]
[SourceDate "2021.10.06"]
[SourceVersion "1"]
[SourceVersionDate "2021.10.06"]
[SourceQuality "1"]
[WhiteTeam "Koeln Lasker II"]
[BlackTeam "Niederkassel II"]
[WhiteTeamCountry "GER"]
[BlackTeamCountry "GER"]

1. d4 Nf6 2. c4 g6 3. Nc3 d6 4. e4 Bg7 5. Nge2 0-0 6. Ng3 c6 7. Be2 e5 8. d5 Ne8 9. h4 f5 10. Bg5 Qc7 11. exf5 gxf5 12. Nh5 h6 13. Bd2 Na6 14. g4 f4 15. Bd3 Nc5 16. Bc2 Qf7 17. Nxg7 Nxg7 18. h5 e4 19. Nxe4 Nxe4 20. Bxe4 Re8 21. f3 cxd5 22. cxd5 Qxd5 23. 0-0 Qd4+ 24. Kh1 Rxe4 25. fxe4 Qxe4+ 26. Qf3 d5 27. Qxe4 dxe4 28. Rxf4 Bd7 29. Kg1 Re8 30. Be3 Bc6 31. Rd1 a6 32. Rd6 Ne6 33. Rf6 Ng5 34. Rxh6 Nf3+ 35. Kf2 Ne5 36. Kg3 Nc4 37. Rdg6+ Kf7 38. Rh7+ 1-0

[Event "Mittelrhein Verbandsliga-O 15/16"]
[Site "Nordrheinwestfalen"]
[Date "2016.05.01"]
[Round "11"]
[White "Cohnen, Michael"]
[Black "Rosenkraenzer, Torsten"]
[Result "0-1"]
[WhiteElo "1738"]
[BlackElo "1982"]
[PlyCount "90"]
[EventDate "2015.09.06"]
[EventType "team-tourn"]
[EventRounds "11"]
[EventCountry "GER"]
[SourceTitle "EXT 2022"]
[Source "ChessBase"]
[SourceDate "2021.10.06"]
[SourceVersion "1"]
[SourceVersionDate "2021.10.06"]
[SourceQuality "1"]
[WhiteTeam "Troisdorf"]
[BlackTeam "Koeln Lasker II"]
[WhiteTeamCountry "GER"]
[BlackTeamCountry "GER"]

1. d4 d5 2. c4 c6 3. cxd5 cxd5 4. Nc3 Nf6 5. Bf4 Nc6 6. e3 a6 7. Bd3 Bg4 8. Nge2 e6 9. h3 Bh5 10. 0-0 Be7 11. a3 0-0 12. Rc1 Rc8 13. b4 b5 14. Qb3 Bd6 15. Bxd6 Qxd6 16. Nf4 Nxd4 17. Qb1 Nc6 18. Nxh5 Nxh5 19. Bxh7+ Kh8 20. Bd3 Ne5 21. Rfd1 Qe7 22. Be2 Nf6 23. Rd4 g6 24. Qb2 Kg8 25. Rf4 Nc4 26. Bxc4 Rxc4 27. Ne2 e5 28. Rfxc4 bxc4 29. Qc2 Rc8 30. Qa4 Qb7 31. Qd1 Qd7 32. f4 Qe6 33. fxe5 Qxe5 34. Qd4 Qxd4 35. Nxd4 Ne4 36. Kf1 Kf8 37. Ke2 Ke7 38. a4 Kd6 39. b5 axb5 40. axb5 Ra8 41. Rc2 Kc5 42. Rb2 Kb6 43. Nc2 Nc3+ 44. Kd2 Nxb5 45. Nd4 c3+ 0-1

[Event "Mittelrhein Verbandsliga-O 15/16"]
[Site "Nordrheinwestfalen"]
[Date "2016.01.31"]
[Round "7"]
[White "Olbrisch, Manfred"]
[Black "Rosenkraenzer, Torsten"]
[Result "0-1"]
[WhiteElo "1922"]
[BlackElo "1959"]
[PlyCount "68"]
[EventDate "2015.09.06"]
[EventType "team-tourn"]
[EventRounds "11"]
[EventCountry "GER"]
[SourceTitle "EXT 2022"]
[Source "ChessBase"]
[SourceDate "2021.10.06"]
[SourceVersion "1"]
[SourceVersionDate "2021.10.06"]
[SourceQuality "1"]
[WhiteTeam "Hennef"]
[BlackTeam "Koeln Lasker II"]
[WhiteTeamCountry "GER"]
[BlackTeamCountry "GER"]

1. e4 c5 2. Nc3 e6 3. g3 d5 4. d3 d4 5. Nce2 Nc6 6. f4 g6 7. Nf3 Bg7 8. Bg2 Nge7 9. 0-0 0-0 10. g4 f5 11. gxf5 exf5 12. Ng3 Kh8 13. Ng5 h6 14. Nf3 Be6 15. h4 fxe4 16. dxe4 Bg4 17. Qe1 Ng8 18. Nh1 Bf6 19. Qg3 Bxf3 20. Bxf3 Bxh4 21. Qxg6 Rf6 22. Qh5 Qe7 23. Nf2 Bxf2+ 24. Rxf2 Raf8 25. f5 Ne5 26. Bg5 Qg7 27. Rg2 Nxf3+ 28. Qxf3 hxg5 29. Kf2 Rh6 30. Rag1 d3 31. c3 Qe5 32. Rxg5 c4 33. Rh5 Rff6 34. Qg2 Qf4+ 0-1

[Event "Mittelrhein Verbandsliga Ost 1415"]
[Site "Mittelrhein"]
[Date "2015.02.01"]
[Round "7.4"]
[White "Rosenkraenzer, Torsten"]
[Black "Anderton, Philip"]
[Result "1-0"]
[WhiteElo "1959"]
[BlackElo "1927"]
[PlyCount "53"]
[EventDate "2014.09.07"]
[EventType "team-tourn"]
[EventRounds "11"]
[EventCountry "GER"]
[SourceTitle "EXT 2023"]
[Source "ChessBase"]
[SourceDate "2022.10.05"]
[SourceVersion "1"]
[SourceVersionDate "2022.10.05"]
[SourceQuality "1"]
[WhiteTeam "Koeln Lasker II"]
[BlackTeam "Siebengebirge"]
[WhiteTeamCountry "GER"]
[BlackTeamCountry "GER"]

1. d4 Nf6 2. c4 e6 3. Nc3 Bb4 4. f3 c5 5. d5 d6 6. e4 0-0 7. a3 Bxc3+ 8. bxc3 e5 9. Bd3 Nh5 10. Ne2 f5 11. exf5 Bxf5 12. Bxf5 Rxf5 13. 0-0 Nf4 14. Ng3 Rf6 15. Ne4 Rg6 16. Ra2 Nd7 17. Kh1 Nb6 18. g3 Nh5 19. f4 Nf6 20. f5 Rh6 21. Bxh6 Nxe4 22. Qg4 Qf6 23. Bxg7 Nxg3+ 24. Qxg3 Qxg7 25. Qh4 Kh8 26. Rg2 Qf7 27. f6 1-0

[Event "Mittelrhein Verbandsliga Ost 1415"]
[Site "Mittelrhein"]
[Date "2014.09.28"]
[Round "2.2"]
[White "Finke, Kai"]
[Black "Rosenkraenzer, Torsten"]
[Result "1-0"]
[WhiteElo "2046"]
[BlackElo "1959"]
[PlyCount "91"]
[EventDate "2014.09.07"]
[EventType "team-tourn"]
[EventRounds "11"]
[EventCountry "GER"]
[SourceTitle "EXT 2023"]
[Source "ChessBase"]
[SourceDate "2022.10.05"]
[SourceVersion "1"]
[SourceVersionDate "2022.10.05"]
[SourceQuality "1"]
[WhiteTeam "Koeln Porz III"]
[BlackTeam "Koeln Lasker II"]
[WhiteTeamCountry "GER"]
[BlackTeamCountry "GER"]

1. d4 Nf6 2. c4 g6 3. Nc3 Bg7 4. e4 d6 5. f4 0-0 6. Nf3 c5 7. d5 e6 8. Be2 exd5 9. cxd5 Bg4 10. 0-0 Nbd7 11. h3 Bxf3 12. Bxf3 Re8 13. g4 h6 14. h4 h5 15. g5 Ng4 16. Bxg4 hxg4 17. Re1 c4 18. Be3 Bxc3 19. bxc3 Rxe4 20. Qxg4 Qc7 21. Bd4 Rae8 22. Rxe4 Rxe4 23. Rf1 Nc5 24. h5 Nd3 25. hxg6 fxg6 26. Qh3 Qh7 27. Qc8+ Kf7 28. Bf6 Re2 29. Qxb7+ Kg8 30. Qb8+ Kf7 31. Qxa7+ Kg8 32. Qxh7+ Kxh7 33. Rb1 Kg8 34. Rb8+ Kf7 35. Rb7+ Kf8 36. f5 Re1+ 37. Kh2 Re2+ 38. Kg3 Re3+ 39. Kg4 Re4+ 40. Kf3 gxf5 41. g6 Ne1+ 42. Kf2 Nd3+ 43. Kf1 Rf4+ 44. Ke2 Rf2+ 45. Ke3 f4+ 46. Kd4 1-0

[Event "Mittelrhein Verbandsliga-M 1112"]
[Site "Germany"]
[Date "2012.03.18"]
[Round "8.6"]
[White "Klos, Stefan"]
[Black "Rosenkraenzer, Torsten"]
[Result "1/2-1/2"]
[WhiteElo "1649"]
[BlackElo "1924"]
[PlyCount "35"]
[EventDate "2011.09.18"]
[EventType "team-tourn"]
[EventRounds "11"]
[EventCountry "GER"]
[SourceTitle "EXT 2013"]
[Source "ChessBase"]
[SourceDate "2012.11.22"]
[SourceVersion "1"]
[SourceVersionDate "2012.11.22"]
[SourceQuality "1"]
[WhiteTeam "Rheinbacher SF II"]
[BlackTeam "Koeln Lasker II"]
[WhiteTeamCountry "GER"]
[BlackTeamCountry "GER"]

1. b4 d5 2. Bb2 Qd6 3. a3 e5 4. e3 Nf6 5. Nf3 e4 6. Nd4 Be7 7. c4 c6 8. cxd5 cxd5 9. Qc2 Nc6 10. Nxc6 bxc6 11. d4 0-0 12. Nd2 Ne8 13. Nb3 f5 14. Rc1 Bd7 15. Nc5 Bc8 16. Nb3 Bd7 17. Nc5 Bc8 18. Nb3 1/2-1/2

[Event "Cologne-ch"]
[Site "Cologne"]
[Date "2000.02.05"]
[Round "3"]
[White "Epding, Volker"]
[Black "Rosenkraenzer, Torsten"]
[Result "1-0"]
[WhiteElo "2014"]
[BlackElo "1964"]
[PlyCount "91"]
[EventDate "2000.01.??"]
[EventType "swiss"]
[EventRounds "7"]
[EventCountry "GER"]
[SourceTitle "EXT 2005"]
[Source "ChessBase"]
[SourceDate "2004.11.15"]
[SourceVersion "1"]
[SourceVersionDate "2004.11.15"]
[SourceQuality "1"]

1. d4 Nf6 2. Nf3 e6 3. c4 Nc6 4. Nc3 Bb4 5. e3 d6 6. Be2 0-0 7. 0-0 e5 8. Nd5 Nxd5 9. cxd5 Ne7 10. Qa4 c5 11. dxc6 Nxc6 12. dxe5 dxe5 13. Nxe5 Nxe5 14. Qxb4 Qg5 15. f4 Qh4 16. Qe1 Qxe1 17. Rxe1 Nc6 18. Bd2 Be6 19. Bc3 Bd5 20. Bf3 Bxf3 21. gxf3 Rad8 22. Rad1 b5 23. a3 a5 24. b4 axb4 25. axb4 Ne7 26. Bd4 Nf5 27. Bc5 Rfe8 28. Kf2 h6 29. e4 Rxd1 30. Rxd1 Ne7 31. Bxe7 Rxe7 32. Rd8+ Kh7 33. Rb8 Rc7 34. Rxb5 Rc2+ 35. Kg3 Rb2 36. f5 g5 37. fxg6+ Kxg6 38. h4 f6 39. h5+ Kg7 40. Rb7+ Kg8 41. Kf4 Rb3 42. Kg4 Kh8 43. Rf7 Rxb4 44. Rxf6 Kg7 45. Rg6+ Kh7 46. Kf5 1-0